[Event "Ann Arbor (MI Op/6)"]
[Site "?"]
[Date "1983.??.??"]
[Round "?"]
[White "Gordon, S.."]
[Black "Thurman, John"]
[Result "1/2-1/2"]
[WhiteElo "1895"]
[BlackElo "1685"]
[PlyCount "143"]
[EventDate "1983.??.??"]

1. e4 c5 2. Nf3 d6 3. Bb5+ Nd7 4. c4 a6 5. Ba4 Rb8 6. Nc3 g6 7. e5 Bg7 8. Qe2
dxe5 9. Nxe5 Qc7 10. Nxd7 Bxd7 11. Nd5 Qd6 12. Bxd7+ Qxd7 13. O-O e6 14. Re1
Ne7 15. Nxe7 Qxe7 16. d3 O-O 17. Bf4 Rbd8 18. Rad1 Rd7 19. Be5 Bxe5 20. Qxe5
Rfd8 21. Re3 Rd4 22. b3 R8d7 23. Qb8+ Qd8 24. Qxd8+ Rxd8 25. Kf1 Kf8 26. Ke2
Ke7 27. Kd2 f6 28. Kc2 e5 29. Re4 Ke6 30. Rxd4 Rxd4 31. Re1 h5 32. Kd2 f5 33.
f3 g5 34. Re3 b5 35. a4 b4 36. Ke2 g4 37. g3 gxf3+ 38. Rxf3 h4 39. Ke3 hxg3 40.
hxg3 Rd7 41. Rf1 Rh7 42. Rg1 Rh2 43. Rd1 Kf6 44. Re1 a5 45. Re2 Rh1 46. Kd2 Rh8
47. Ke3 Kg5 48. Kf3 Kf6 49. Ke3 Rh3 50. Rg2 Kg6 51. Kf2 Rh1 52. g4 Rb1 53.
gxf5+ Kxf5 54. Rg8 Rxb3 55. Rf8+ Ke6 56. Re8+ Kd6 57. Rd8+ Kc7 58. Rd5 Kc6 59.
Ke3 Ra3 60. Rxe5 Rxa4 61. Re6+ Kd7 62. Rb6 Ra1 63. Kd2 a4 64. d4 a3 65. Kc2
Ra2+ 66. Kc1 Rb2 67. dxc5 Kc7 68. Ra6 Kb7 69. Rb6+ Ka7 70. Rb5 Rf2 71. Kb1 a2+
72. Ka1 1/2-1/2

[Event "Ann Arbor (MI Op/3)"]
[Site "?"]
[Date "1983.??.??"]
[Round "?"]
[White "Gordon, S.."]
[Black "Belegundu, A.."]
[Result "1-0"]
[WhiteElo "1895"]
[BlackElo "1640"]
[PlyCount "77"]
[EventDate "1983.??.??"]

1. e4 c5 2. Nf3 d6 3. Bb5+ Bd7 4. Bxd7+ Qxd7 5. O-O e6 6. d3 Be7 7. Nbd2 Nc6 8.
Re1 g5 9. Nf1 g4 10. N3d2 h5 11. a4 O-O-O 12. Nc4 d5 13. exd5 exd5 14. Ne5 Nxe5
15. Rxe5 Bd6 16. Re1 h4 17. g3 hxg3 18. fxg3 f5 19. Qe2 f4 20. Bxf4 Bxf4 21.
gxf4 Rf8 22. Qe6 Qxe6 23. Rxe6 Rh5 24. Ng3 Rh6 25. Rae1 Rxe6 26. Rxe6 Nf6 27.
f5 Kd7 28. Kf2 d4 29. Ne4 g3+ 30. Kxg3 Nxe4+ 31. dxe4 c4 32. Re5 Rg8+ 33. Kf3
Rh8 34. Rd5+ Kc6 35. Rxd4 Kc5 36. Rd2 Kb4 37. f6 Kxa4 38. e5 b5 39. e6 1-0

[Event "Ann Arbor (MI Op/1)"]
[Site "?"]
[Date "1983.??.??"]
[Round "?"]
[White "Gordon, S.."]
[Black "Avery, Robert W"]
[Result "0-1"]
[WhiteElo "1895"]
[BlackElo "2120"]
[PlyCount "102"]
[EventDate "1983.??.??"]

1. e4 e5 2. Nf3 Nc6 3. Bb5 Bc5 4. O-O Nd4 5. Nxd4 Bxd4 6. c3 Bb6 7. d4 c6 8.
Ba4 d6 9. Na3 Nf6 10. Nc4 Bc7 11. dxe5 dxe5 12. Qxd8+ Kxd8 13. Bc2 Be6 14. Ne3
g6 15. b3 Bd6 16. Bb2 Ke7 17. c4 Nd7 18. Rad1 Rhf8 19. Rd2 a5 20. Nd5+ cxd5 21.
cxd5 Bg4 22. h3 Bb4 23. d6+ Kd8 24. Rd5 Be2 25. Rc1 Nb6 26. Rxe5 Bxd6 27. Re1
Bxe5 28. Bxe5 Bb5 29. Rd1+ Nd7 30. Bd6 Re8 31. e5 Kc8 32. f4 f6 33. Rc1 Bc6 34.
Re1 fxe5 35. fxe5 Bd5 36. Bd1 Ra6 37. Kf2 Rxd6 38. exd6 Rxe1 39. Kxe1 Bxg2 40.
Bg4 Bd5 41. Kd2 Kd8 42. Kd3 Ne5+ 43. Kd4 Nxg4 44. Kxd5 Nf2 45. h4 Kd7 46. a3
Nd3 47. Ke4 Nc5+ 48. Ke5 Nxb3 49. Kf6 Kxd6 50. Kg7 Ke6 51. Kh6 a4 0-1

[Event "Ann Arbor (MI Op/7)"]
[Site "?"]
[Date "1983.??.??"]
[Round "?"]
[White "George, R.."]
[Black "Zumbrunnen, R.."]
[Result "0-1"]
[WhiteElo "1915"]
[BlackElo "2120"]
[PlyCount "56"]
[EventDate "1983.??.??"]

1. e4 c5 2. Nf3 Nf6 3. e5 Nd5 4. d4 cxd4 5. Qxd4 e6 6. Bc4 Nc6 7. Qe4 f5 8.
exf6 Nxf6 9. Qe2 d5 10. Bb3 Bd6 11. O-O O-O 12. c3 e5 13. Bg5 Be6 14. Rd1 Qd7
15. Bxf6 Rxf6 16. Bxd5 Bxd5 17. Rxd5 Qg4 18. Nd4 Qh4 19. Nxc6 bxc6 20. Rd2 Raf8
21. g3 Qh3 22. b4 Rh6 23. f3 e4 24. Rxd6 exf3 25. Qf2 Rxd6 26. Na3 Re6 27. Qf1
f2+ 28. Kh1 Re1 0-1

[Event "Ann Arbor (MI Op/1)"]
[Site "?"]
[Date "1983.??.??"]
[Round "?"]
[White "George, R.."]
[Black "Brooks, John"]
[Result "0-1"]
[WhiteElo "1915"]
[BlackElo "2135"]
[PlyCount "98"]
[EventDate "1983.??.??"]

1. e4 Nf6 2. Nc3 d5 3. exd5 Nxd5 4. Qf3 Nb6 5. Nh3 e5 6. Bb5+ c6 7. Bd3 g6 8.
b3 Be6 9. Ne4 Be7 10. Qg3 f6 11. Bb2 Nd5 12. c4 Bxh3 13. gxh3 Nf4 14. Bf1 c5
15. O-O-O Nc6 16. Nc3 Nd4 17. Re1 Qd7 18. Re4 O-O-O 19. Rxf4 exf4 20. Qxf4 Ne6
21. Qe3 f5 22. Nb5 Bg5 23. Be5 Qxd2+ 24. Qxd2 Bxd2+ 25. Kc2 Bh6 26. Nxa7+ Kd7
27. Bxh8 Rxh8 28. Nb5 Nf4 29. Bd3 Nxh3 30. Rd1 Ke7 31. Re1+ Kf6 32. Nc3 Nxf2
33. Nd5+ Kg5 34. Re7 Kh4 35. Rxb7 Nxd3 36. Kxd3 Kh3 37. a4 Kxh2 38. a5 f4 39.
Rf7 Kg3 40. a6 f3 41. a7 f2 42. Nb6 Rd8+ 43. Nd5 Kg2 44. Ke4 Re8+ 45. Kd3 f1=Q+
46. Rxf1 Kxf1 47. Nb6 g5 48. a8=Q Rxa8 49. Nxa8 g4 0-1

[Event "Ann Arbor (MI Op/4)"]
[Site "?"]
[Date "1983.??.??"]
[Round "?"]
[White "George, R.."]
[Black "Bailey, Greg"]
[Result "0-1"]
[WhiteElo "1915"]
[BlackElo "2050"]
[PlyCount "88"]
[EventDate "1983.??.??"]

1. e4 e6 2. d4 d5 3. Nc3 Bb4 4. e5 c5 5. a3 Bxc3+ 6. bxc3 Qc7 7. Nf3 Bd7 8. a4
Ne7 9. Bd3 c4 10. Be2 Nbc6 11. O-O f6 12. exf6 gxf6 13. Nh4 Ng6 14. Bh5 O-O-O
15. Qg4 e5 16. Qg3 Rdg8 17. Bxg6 hxg6 18. dxe5 fxe5 19. Re1 e4 20. Qxc7+ Kxc7
21. g3 g5 22. Ng2 Ne5 23. Rd1 Nf3+ 24. Kf1 Nxh2+ 25. Ke1 Nf3+ 26. Ke2 Kc6 27.
Ke3 Rh2 28. Ne1 Ng1 29. Ba3 Bg4 30. Rdc1 Nh3 31. Nd3 exd3 32. cxd3 Re8+ 33. Kd4
Rxf2 34. Rf1 Rd2 35. Rf6+ Re6 36. Rxe6+ Bxe6 37. Ke5 Re2+ 38. Kd4 Nf2 39. Bc1
cxd3 40. Be3 d2 41. Bxf2 Rxf2 42. Ke3 Rh2 43. Kf3 Bf5 44. g4 Bc2 0-1

[Event "Ann Arbor (MI Op/1)"]
[Site "?"]
[Date "1983.??.??"]
[Round "?"]
[White "Geno, R.."]
[Black "Wolfrom, David"]
[Result "0-1"]
[WhiteElo "1875"]
[BlackElo "2115"]
[PlyCount "102"]
[EventDate "1983.??.??"]

1. e4 c5 2. Nf3 e6 3. Nc3 a6 4. a3 Nc6 5. d4 cxd4 6. Nxd4 Qc7 7. Nxc6 bxc6 8.
Be3 Rb8 9. b4 Nf6 10. Be2 c5 11. b5 axb5 12. Nxb5 Rxb5 13. Bxb5 Qa5+ 14. Bd2
Qxb5 15. f3 Be7 16. a4 Qc6 17. Kf2 O-O 18. Re1 Ba6 19. Be3 d5 20. exd5 Nxd5 21.
g3 Bf6 22. Ra3 Nxe3 23. Rexe3 Bd4 24. Qd2 Bb7 25. Kg2 Bxe3 26. Qxe3 Ra8 27. Qd3
h6 28. a5 Ba6 29. Qd2 Qb5 30. Kf2 c4 31. Qd4 e5 32. Qc3 Qc5+ 33. Qe3 Qd4 34. f4
f6 35. c3 Qd3 36. Ra2 Rd8 37. Rb2 Qxe3+ 38. Kxe3 exf4+ 39. Kxf4 Rd6 40. Ke4 Kf7
41. h4 Ke6 42. g4 g6 43. Rb1 Kd7 44. Rb2 Kc7 45. Kf4 g5+ 46. hxg5 fxg5+ 47. Ke5
Bc8 48. Rb4 Rc6 49. Kd5 Bxg4 50. a6 Be6+ 51. Ke5 Rxa6 0-1

[Event "Ann Arbor (MI Op/3)"]
[Site "?"]
[Date "1983.??.??"]
[Round "?"]
[White "Geno, R.."]
[Black "Mason, D.."]
[Result "0-1"]
[WhiteElo "1875"]
[BlackElo "1880"]
[PlyCount "70"]
[EventDate "1983.??.??"]

1. e4 c6 2. Nf3 d5 3. exd5 cxd5 4. h3 Nf6 5. d4 e6 6. a3 Be7 7. Nc3 O-O 8. Bf4
a6 9. Bd3 Nc6 10. O-O Bd7 11. Ne2 Rc8 12. c3 Na5 13. Ne5 Bb5 14. Bxb5 axb5 15.
a4 b4 16. cxb4 Bxb4 17. Bd2 Bxd2 18. Qxd2 Nb3 19. Qb4 Nxa1 20. Rxa1 Nd7 21. Nd3
Qb6 22. Qd2 Rc4 23. b4 Rfc8 24. Ra2 Qc7 25. Nc5 Nxc5 26. dxc5 b6 27. cxb6 Qxb6
28. b5 Ra8 29. Nc3 Qa5 30. Rc2 Rac8 31. b6 Qxb6 32. Rb2 Qa5 33. Rb3 Rxc3 34.
Qxc3 Qxc3 35. Rxc3 Rxc3 0-1

[Event "Ann Arbor (MI Op/5)"]
[Site "?"]
[Date "1983.??.??"]
[Round "?"]
[White "Geno, R.."]
[Black "Gaba, H.."]
[Result "1/2-1/2"]
[WhiteElo "1875"]
[BlackElo "1825"]
[PlyCount "126"]
[EventDate "1983.??.??"]

1. e4 e5 2. Bc4 Bc5 3. Nf3 Qe7 4. d3 h6 5. Nc3 c6 6. Be3 Nf6 7. O-O O-O 8. h3
b5 9. Bb3 Na6 10. a3 d6 11. Qe1 Bb6 12. Bxb6 axb6 13. Qe3 Rb8 14. d4 Nc7 15.
Rfd1 Kh8 16. dxe5 dxe5 17. Rd2 Nh5 18. Ne2 Nf6 19. Ng3 Re8 20. Rad1 Kh7 21. Rd6
c5 22. c4 bxc4 23. Bxc4 b5 24. Ba2 c4 25. Bb1 g6 26. Qd2 b4 27. axb4 Nb5 28.
Rd8 Be6 29. Rxe8 Rxe8 30. Nxe5 Bd5 31. Nxg6 fxg6 32. exd5 Nd6 33. Kf1 Qf7 34.
Qd4 Re7 35. Bc2 Kg7 36. b3 cxb3 37. Bxb3 Kh7 38. Bc2 Rc7 39. Bb3 Re7 40. Bc2
Rc7 41. Bb3 Re7 42. b5 h5 43. f3 Kg8 44. Bc4 Nfe4 45. Nxe4 Rxe4 46. Qc5 Nxc4
47. Qc8+ Kg7 48. d6 Ne3+ 49. Kg1 Nxd1 50. fxe4 Qf2+ 51. Kh2 Ne3 52. Qb7+ Kh6
53. e5 Nf1+ 54. Kh1 Ng3+ 55. Kh2 h4 56. Qf3 Qd2 57. Qf8+ Kh5 58. Qf3+ Kh6 59.
Qg4 g5 60. Qe6+ Kh7 61. d7 Qc1 62. Qf7+ Kh6 63. Qf6+ Kh7 1/2-1/2

[Event "Southfield (MEX/5)"]
[Site "?"]
[Date "1983.??.??"]
[Round "?"]
[White "Gajic, Z.."]
[Black "Martinovsky, E.."]
[Result "0-1"]
[WhiteElo "2360"]
[BlackElo "2345"]
[PlyCount "56"]
[EventDate "1983.??.??"]

1. e4 e5 2. Nf3 Nc6 3. Bc4 Nf6 4. Nc3 Bc5 5. d3 d6 6. h3 Be6 7. Bg5 h6 8. Bxf6
Qxf6 9. Nd5 Qd8 10. c3 a6 11. b4 Ba7 12. Qe2 O-O 13. O-O Kh8 14. a4 Ne7 15.
Nxe7 Qxe7 16. Bxe6 fxe6 17. d4 exd4 18. cxd4 Rf7 19. Rac1 Raf8 20. Rc3 c6 21.
Rb1 Bb6 22. Qd3 Kg8 23. Ra3 Rf4 24. Rb2 e5 25. dxe5 Rxf3 26. Qc4+ d5 27. exd5
Rxa3 28. d6+ Qf7 0-1

[Event "Southfield (MEX/3)"]
[Site "?"]
[Date "1983.??.??"]
[Round "?"]
[White "Gajic, Z.."]
[Black "Gregor, P.."]
[Result "1-0"]
[WhiteElo "2360"]
[BlackElo "2195"]
[PlyCount "78"]
[EventDate "1983.??.??"]

1. Nf3 Nf6 2. c4 g6 3. Nc3 Bg7 4. g3 O-O 5. Bg2 d6 6. d3 e5 7. Bg5 h6 8. Bxf6
Bxf6 9. h4 Bg7 10. h5 g5 11. Qb3 Nc6 12. e3 Rb8 13. Nd2 Bd7 14. Nd5 f5 15. Qa3
Be6 16. c5 dxc5 17. Qxc5 Rf7 18. e4 f4 19. O-O-O Nd4 20. gxf4 b6 21. Qa3 exf4
22. Kb1 f3 23. Bf1 Bxd5 24. exd5 Qxd5 25. Bh3 c5 26. Rhe1 Kh8 27. Re4 a5 28.
Rde1 Rff8 29. Nc4 Rf4 30. Re7 g4 31. Ne5 Bxe5 32. R1xe5 Qd6 33. Bf1 Rbf8 34.
Qc3 R4f5 35. R5e6 Qf4 36. Rxb6 Rxh5 37. Rbb7 Qf5 38. Qxc5 Ne2 39. Rh7+ Qxh7 1-0

[Event "Southfield (MEX/1)"]
[Site "?"]
[Date "1983.??.??"]
[Round "?"]
[White "Gajic, Z.."]
[Black "Brooks, John"]
[Result "1-0"]
[WhiteElo "2360"]
[BlackElo "2185"]
[PlyCount "131"]
[EventDate "1983.??.??"]

1. e4 Nf6 2. e5 Nd5 3. d4 d6 4. Nf3 Nb6 5. exd6 Qxd6 6. Be2 Bg4 7. O-O N8d7 8.
b3 c6 9. c4 Qc7 10. Nc3 e6 11. Bg5 Bb4 12. Qc1 h6 13. Bf4 Qd8 14. Ne4 Nf6 15.
Nxf6+ gxf6 16. Qe3 h5 17. h3 Bxf3 18. Bxf3 Be7 19. Rad1 Nd7 20. d5 cxd5 21.
cxd5 Bc5 22. Qe4 e5 23. b4 Bd6 24. Be3 Qe7 25. Qf5 a5 26. bxa5 Rxa5 27. Bxh5
Rxa2 28. Ra1 Ra3 29. Rfc1 Rxa1 30. Rxa1 Kf8 31. Ra8+ Nb8 32. Ba7 Qd8 33. Be2
Ke7 34. Qb1 Qd7 35. Be3 f5 36. Ra7 f4 37. Rxb7 fxe3 38. Rxd7+ Nxd7 39. fxe3 Bc5
40. Kf2 Rb8 41. Qc2 f5 42. g3 Kd6 43. Ke1 e4 44. g4 Rc8 45. Qa2 Bxe3 46. gxf5
Rc1+ 47. Bd1 Nc5 48. f6 Bh6 49. Ke2 Rc3 50. Qa7 Rxh3 51. Qb6+ Kxd5 52. f7 Bf8
53. Qd8+ Ke6 54. Qxf8 Rh2+ 55. Kf1 Rh1+ 56. Kg2 Rxd1 57. Qe8+ Kd5 58. f8=Q Rd2+
59. Kg3 Rd3+ 60. Kg4 Kd4 61. Qd6+ Kc4 62. Qf7+ Kb5 63. Qf1 Kb4 64. Qb6+ Kc4 65.
Qc1+ Rc3 66. Qxc5+ 1-0

[Event "Ann Arbor (MI Op/3)"]
[Site "?"]
[Date "1983.??.??"]
[Round "?"]
[White "Gabbara, Faris"]
[Black "Zacks, Naum"]
[Result "1-0"]
[WhiteElo "2110"]
[BlackElo "1910"]
[PlyCount "79"]
[EventDate "1983.??.??"]

1. e4 Nf6 2. e5 Nd5 3. d4 d6 4. Nf3 Nc6 5. c4 Nb6 6. exd6 cxd6 7. Nc3 g6 8. Be3
Bg4 9. h3 Bf5 10. Nh4 Bd7 11. d5 Ne5 12. Bd4 e6 13. g3 Bh6 14. Ne4 O-O 15. Nxd6
Ba4 16. b3 Qxd6 17. c5 Qe7 18. d6 Qd8 19. bxa4 Nbc4 20. Bc3 Rc8 21. Bxc4 Nxc4
22. Qd4 e5 23. Qxc4 b6 24. c6 Qxd6 25. Bb4 Qf6 26. Bxf8 Rxc6 27. Qe4 Bxf8 28.
O-O Rc3 29. Rac1 Ra3 30. Rc6 Qe7 31. Re1 f6 32. Qc4+ Kh8 33. Rc7 Qe8 34. Qf7
Qxf7 35. Rxf7 Kg8 36. Rxa7 Bc5 37. Rd1 Rxa2 38. Rd8+ Bf8 39. Raa8 Rc2 40. Rxf8+
1-0

[Event "Ann Arbor (MI Op/7)"]
[Site "?"]
[Date "1983.??.??"]
[Round "?"]
[White "Gabbara, Faris"]
[Black "Youssef, I.."]
[Result "0-1"]
[WhiteElo "2110"]
[BlackElo "2025"]
[PlyCount "76"]
[EventDate "1983.??.??"]

1. Nf3 d5 2. d4 Nf6 3. c4 c6 4. Nc3 g6 5. Bf4 Bg7 6. e3 O-O 7. Rc1 a6 8. c5
Nbd7 9. Qa4 Re8 10. h3 Nh5 11. g3 h6 12. Ne2 g5 13. Be5 f6 14. g4 fxe5 15. gxh5
e4 16. Nh2 e5 17. Ng4 exd4 18. Nxd4 Ne5 19. Be2 Nxg4 20. Bxg4 Bxg4 21. hxg4
Bxd4 22. Qxd4 Rf8 23. Rg1 Qc7 24. Rg2 Rf3 25. Rc2 Raf8 26. b4 Rh3 27. Re2 Rh2
28. Rxh2 Qxh2 29. f4 Qg3+ 30. Rf2 Rxf4 31. exf4 e3 32. Qb2 gxf4 33. Qc2 Qxf2+
34. Qxf2 exf2+ 35. Kxf2 d4 36. Kf3 d3 37. Kxf4 d2 38. Kf5 d1=Q 0-1

[Event "Ann Arbor (MI Op/1)"]
[Site "?"]
[Date "1983.??.??"]
[Round "?"]
[White "Gabbara, Faris"]
[Black "Szczypka, Tom"]
[Result "1-0"]
[WhiteElo "2110"]
[BlackElo "1855"]
[PlyCount "57"]
[EventDate "1983.??.??"]

1. e4 c5 2. Nf3 g6 3. d4 Bg7 4. c3 d5 5. dxc5 Nf6 6. exd5 Nxd5 7. Bc4 e6 8. O-O
O-O 9. Nbd2 Nf6 10. Qe2 Qc7 11. Nb3 Nbd7 12. Be3 e5 13. h3 Ne4 14. Rfe1 Ndxc5
15. Bxc5 Nxc5 16. Nxe5 Bxe5 17. Qxe5 Qxe5 18. Rxe5 Na4 19. Bb5 Nb6 20. Nd4 a6
21. Bd3 Rd8 22. Rae1 Be6 23. Nxe6 Rxd3 24. Nc5 Rd2 25. R5e2 Nc4 26. Rxd2 Nxd2
27. Nxb7 Rb8 28. Re7 Nc4 29. b3 1-0

[Event "Ann Arbor (MI Op/5)"]
[Site "?"]
[Date "1983.??.??"]
[Round "?"]
[White "Gabbara, Faris"]
[Black "Bagherabadi, Mohammed"]
[Result "1-0"]
[WhiteElo "2110"]
[BlackElo "1920"]
[PlyCount "87"]
[EventDate "1983.??.??"]

1. e4 c5 2. Nf3 a6 3. d4 cxd4 4. Nxd4 Nf6 5. Nc3 e5 6. Nb3 Bb4 7. Bg5 Qc7 8.
Qf3 Bxc3+ 9. bxc3 b5 10. Bxf6 gxf6 11. Be2 Ke7 12. O-O Nc6 13. Rad1 Nd8 14. Qe3
h5 15. Kh1 Ne6 16. h4 Bb7 17. Bf3 Rac8 18. Qa7 Ra8 19. Qe3 Rhc8 20. Qd2 a5 21.
Rfe1 a4 22. Nc1 Rg8 23. Ne2 Rg7 24. Ng3 Rh7 25. Nf5+ Kd8 26. Re3 Nc5 27. Nd6
Bc6 28. Qe2 Rb8 29. a3 Ke7 30. Nf5+ Kd8 31. Rd6 Ne6 32. Bxh5 Kc8 33. Rd1 Nf4
34. Qg4 Kb7 35. Bxf7 Ka7 36. Bd5 Bxd5 37. exd5 Qc5 38. Qf3 Rh5 39. Qe4 Qc4 40.
Qxc4 bxc4 41. g4 Rhh8 42. Re4 Rb2 43. Rxc4 Rxc2 44. Rb1 1-0

[Event "Ann Arbor (MI Op/4)"]
[Site "?"]
[Date "1983.??.??"]
[Round "?"]
[White "Gaba, H.."]
[Black "Pence, Mark"]
[Result "0-1"]
[WhiteElo "1825"]
[BlackElo "1995"]
[PlyCount "68"]
[EventDate "1983.??.??"]

1. d4 Nf6 2. c4 e6 3. Nf3 b6 4. Nc3 Bb7 5. e3 d5 6. Be2 Nbd7 7. O-O Bd6 8. cxd5
exd5 9. Bd2 a6 10. a3 O-O 11. Bd3 Ne4 12. Qc2 f5 13. Rad1 Kh8 14. Bc1 Qe8 15.
Ne2 Ndf6 16. Ng3 Ng4 17. b3 Qe6 18. h3 Ngxf2 19. Nxe4 Nxh3+ 20. gxh3 fxe4 21.
Qg2 exd3 22. Ne5 Bxe5 23. dxe5 Qxe5 24. Rxd3 Rxf1+ 25. Qxf1 Qe7 26. Bb2 Rf8 27.
Qg2 c5 28. Qg3 h6 29. Be5 Rf5 30. Bf4 Qe8 31. Rd1 d4 32. Qh2 dxe3 33. Bxh6 e2
34. Bxg7+ Kh7 0-1

[Event "Ann Arbor (MI Op/1)"]
[Site "?"]
[Date "1983.??.??"]
[Round "?"]
[White "Gaba, H.."]
[Black "Maring, L.."]
[Result "1/2-1/2"]
[WhiteElo "1825"]
[BlackElo "2020"]
[PlyCount "82"]
[EventDate "1983.??.??"]

1. d4 d5 2. Nf3 Nf6 3. e3 e6 4. c4 c5 5. Nc3 Nc6 6. cxd5 exd5 7. Bb5 cxd4 8.
exd4 Be7 9. Ne5 Bd7 10. Nxc6 bxc6 11. Bd3 O-O 12. O-O h6 13. Bf4 Bg4 14. Qc2
Bd6 15. Qd2 Bxf4 16. Qxf4 Rb8 17. h3 Be6 18. Na4 Rb4 19. b3 Re8 20. Nc5 Ne4 21.
Nxe4 dxe4 22. Qxe4 Rxd4 23. Qh7+ Kf8 24. Bc4 Qf6 25. Rae1 g5 26. Qc2 Bxc4 27.
Rxe8+ Kxe8 28. bxc4 Kf8 29. Qa4 Kg7 30. Qc2 c5 31. Re1 Qf4 32. Qc3 Kg6 33. Qc2+
Qf5 34. Qa4 Rd2 35. Rf1 Qc2 36. Qc6+ f6 37. Qe8+ Kg7 38. Qe7+ Kg6 39. Qe8+ Kg7
40. Qe7+ Kg8 41. Qe8+ Kg7 1/2-1/2

[Event "East Detroit (MCO/4)"]
[Site "?"]
[Date "1983.??.??"]
[Round "?"]
[White "Gaba, H.."]
[Black "Johnson, B.."]
[Result "1-0"]
[WhiteElo "1825"]
[BlackElo "1605"]
[PlyCount "121"]
[EventDate "1983.??.??"]

1. d4 Nf6 2. c4 g6 3. Nf3 Bg7 4. Nc3 d6 5. h3 O-O 6. e3 h6 7. Be2 Nbd7 8. O-O
b6 9. Qc2 c5 10. Bd2 Bb7 11. d5 a6 12. e4 Ne8 13. Rad1 Kh7 14. Be3 Ne5 15. Nxe5
Bxe5 16. f4 Bg7 17. Bd3 f6 18. Rde1 Bc8 19. Rf3 Nc7 20. Ref1 Qe8 21. Rg3 Rb8
22. e5 f5 23. e6 Nxe6 24. dxe6 Bxe6 25. Nd5 Bxd5 26. cxd5 b5 27. Be2 Qf7 28.
Qd2 Bf6 29. Rgf3 Rg8 30. Kh1 Qg7 31. Rb1 h5 32. Bf1 c4 33. Bg1 Rgc8 34. a4 b4
35. Qe2 Qf7 36. Rd1 a5 37. Re3 Rc7 38. g4 hxg4 39. hxg4 Rh8 40. Rh3+ Kg8 41.
Rxh8+ Bxh8 42. Bb6 Rc8 43. Bxa5 c3 44. bxc3 Bxc3 45. gxf5 gxf5 46. Bh3 Kf8 47.
Qe6 Qxe6 48. dxe6 Ra8 49. Bb6 Rxa4 50. Bxf5 Ra1 51. Bc2 Rxd1+ 52. Bxd1 Kg7 53.
f5 Kf6 54. Bc2 d5 55. Bf2 Kg5 56. Kg2 d4 57. Kf3 b3 58. Bb1 b2 59. Bd3 Bd2 60.
Bxd4 Bc1 61. Bb1 1-0

[Event "Ann Arbor (MI Op/7)"]
[Site "?"]
[Date "1983.??.??"]
[Round "?"]
[White "Gaba, H.."]
[Black "Gordon, S.."]
[Result "1/2-1/2"]
[WhiteElo "1825"]
[BlackElo "1895"]
[PlyCount "34"]
[EventDate "1983.??.??"]

1. d4 Nf6 2. c4 g6 3. Nf3 Bg7 4. Nc3 d5 5. e3 O-O 6. Be2 Nc6 7. O-O Bf5 8. a3
Na5 9. c5 a6 10. b4 Nc6 11. Bb2 Bg4 12. Nd2 Bxe2 13. Nxe2 e5 14. Ng3 exd4 15.
exd4 Re8 16. Nf3 Ne4 17. Re1 Nxg3 1/2-1/2

[Event "Ann Arbor (MI Op/6)"]
[Site "?"]
[Date "1983.??.??"]
[Round "?"]
[White "Gaba, H.."]
[Black "Davis, L.."]
[Result "1/2-1/2"]
[WhiteElo "1825"]
[BlackElo "1890"]
[PlyCount "49"]
[EventDate "1983.??.??"]

1. d4 Nf6 2. Nf3 g6 3. Nc3 d5 4. e3 Bg7 5. Bd3 O-O 6. O-O Nc6 7. a3 b6 8. Qe2
Bb7 9. b3 Re8 10. Bb2 e5 11. dxe5 Ng4 12. Bb5 Re7 13. Bxc6 Bxc6 14. Na2 Nxe5
15. Nxe5 Bxe5 16. Bxe5 Rxe5 17. Nb4 Bb7 18. Qd2 c5 19. Nd3 Re6 20. Nf4 Rd6 21.
Rad1 Qd7 22. e4 d4 23. f3 f6 24. c4 Rd8 25. Nd5 1/2-1/2

[Event "East Detroit (MCO/6)"]
[Site "?"]
[Date "1983.??.??"]
[Round "?"]
[White "Gaba, H.."]
[Black "Bohley, D.."]
[Result "1/2-1/2"]
[WhiteElo "1825"]
[BlackElo "2015"]
[PlyCount "82"]
[EventDate "1983.??.??"]

1. d4 d5 2. Nf3 Nf6 3. Nc3 g6 4. Bg5 Bg7 5. Qd2 Nbd7 6. Bh6 O-O 7. Bxg7 Kxg7 8.
O-O-O c6 9. h3 b5 10. Ne5 Qb6 11. g4 a5 12. g5 Ng8 13. e4 Nxe5 14. dxe5 dxe4
15. Nxe4 Be6 16. Qe3 Qxe3+ 17. fxe3 Bd5 18. Bg2 Rad8 19. Rhg1 a4 20. Nc5 Bxg2
21. Rxg2 Rxd1+ 22. Kxd1 Rd8+ 23. Rd2 Rxd2+ 24. Kxd2 e6 25. c4 Ne7 26. e4 h6 27.
h4 hxg5 28. hxg5 Kf8 29. Kc3 Nc8 30. cxb5 cxb5 31. Kb4 Na7 32. Nd3 Ke8 33. Kc5
Kd7 34. Kb6 Nc8+ 35. Kxb5 a3 36. bxa3 Kc7 37. a4 Na7+ 38. Kc5 Nc6 39. a3 Na5
40. Nc1 Nc6 41. Nd3 Na5 1/2-1/2

[Event "Ann Arbor (MI Op/7)"]
[Site "?"]
[Date "1983.??.??"]
[Round "?"]
[White "Fuller, William"]
[Black "Dangremond, Leonard"]
[Result "1-0"]
[WhiteElo "1815"]
[BlackElo "1945"]
[PlyCount "93"]
[EventDate "1983.??.??"]

1. d4 d5 2. c4 e6 3. Nf3 b6 4. Nc3 Nf6 5. Bg5 Be7 6. e3 Bb7 7. Rc1 Nbd7 8. cxd5
Bxd5 9. Bxf6 Bxf6 10. Nxd5 exd5 11. Bd3 O-O 12. Qb3 Nb8 13. Qc2 c5 14. dxc5
bxc5 15. Qxc5 Bxb2 16. Rc2 Bf6 17. O-O Be7 18. Qd4 a5 19. e4 dxe4 20. Qxe4 g6
21. Qxa8 Qxd3 22. Rd2 Qa3 23. Qb7 Bb4 24. Rc2 Qd3 25. Rc8 Qd6 26. Rfc1 Rxc8 27.
Qxc8+ Kg7 28. h3 Nd7 29. Qc4 Ne5 30. Nxe5 Qxe5 31. g3 h5 32. h4 Be7 33. Qc3
Qxc3 34. Rxc3 Kf6 35. Kf1 g5 36. hxg5+ Kxg5 37. Ke2 h4 38. gxh4+ Kxh4 39. Rc7
Bb4 40. Rxf7 Kg5 41. Kd3 Kg6 42. Rf3 Kg5 43. Ke4 a4 44. Rf5+ Kg4 45. Rb5 Be1
46. f4 Bc3 47. Rg5+ 1-0

[Event "Ann Arbor (MI Op/5)"]
[Site "?"]
[Date "1983.??.??"]
[Round "?"]
[White "Fuller, William"]
[Black "Ballard, D.."]
[Result "1-0"]
[WhiteElo "1815"]
[BlackElo "1875"]
[PlyCount "45"]
[EventDate "1983.??.??"]

1. d4 d5 2. c4 c6 3. Nf3 Nf6 4. Nc3 e6 5. Bg5 Be7 6. e3 Nbd7 7. Rc1 h6 8. Bh4
g5 9. Bg3 Ne4 10. Be5 Nxe5 11. Nxe5 Bf6 12. cxd5 Nxc3 13. Rxc3 Qxd5 14. a3 O-O
15. Qh5 Bg7 16. h4 f6 17. hxg5 fxg5 18. Ng4 Qa2 19. Bd3 Qa1+ 20. Ke2 Qxb2+ 21.
Rc2 Qxa3 22. Qg6 Rxf2+ 23. Nxf2 1-0

[Event "Ann Arbor (MI Op/3)"]
[Site "?"]
[Date "1983.??.??"]
[Round "?"]
[White "Fuller, William"]
[Black "Avery, Robert W"]
[Result "0-1"]
[WhiteElo "1815"]
[BlackElo "2120"]
[PlyCount "58"]
[EventDate "1983.??.??"]

1. d4 Nf6 2. c4 g6 3. Nc3 d5 4. Nf3 Bg7 5. g3 O-O 6. Bg2 c5 7. e3 cxd4 8. exd4
dxc4 9. O-O Nc6 10. Qa4 Nd7 11. Qxc4 Nb6 12. Qe2 Bg4 13. Be3 Qd7 14. Rfd1 Qf5
15. Qd3 Qh5 16. d5 Ne5 17. Nxe5 Bxd1 18. Bxb6 Qxe5 19. f4 Qd6 20. Bxa7 Rxa7 21.
Rxd1 Qb6+ 22. Kh1 Qxb2 23. Ne4 Rxa2 24. Qf1 Qe2 25. Qxe2 Rxe2 26. d6 exd6 27.
Kg1 Rc8 28. Nxd6 Rcc2 29. Bd5 Bd4+ 0-1

[Event "East Detroit (MCO/2)"]
[Site "?"]
[Date "1983.??.??"]
[Round "?"]
[White "Frohman, T.."]
[Black "Patterson, G.."]
[Result "1-0"]
[WhiteElo "1650"]
[BlackElo "1605"]
[PlyCount "105"]
[EventDate "1983.??.??"]

1. e4 c5 2. Nf3 Nc6 3. d4 cxd4 4. Nxd4 Nxd4 5. Qxd4 e6 6. Nc3 d6 7. Be3 Nf6 8.
O-O-O Bd7 9. f4 Bc6 10. Bb5 Qc7 11. e5 Nd5 12. Nxd5 exd5 13. exd6 Qxd6 14. Qxd5
Qxd5 15. Rxd5 Be7 16. Bxc6+ bxc6 17. Re5 f6 18. Re4 Kf7 19. Re1 a5 20. Bb6 a4
21. Rxe7+ Kg6 22. g4 h6 23. h4 Rhb8 24. Bd4 Rb4 25. c3 Rb5 26. g5 Rab8 27. R1e2
c5 28. Bf2 c4 29. Ra7 Rf5 30. gxh6 Kxh6 31. Bg3 Kh5 32. Re4 a3 33. Rxa3 Kg4 34.
Re3 Rfb5 35. b4 cxb3 36. Rxb3 Rxb3 37. axb3 Rxb3 38. Kc2 Rb5 39. Bh2 Kxh4 40.
Rg3 g5 41. fxg5 fxg5 42. Re3 g4 43. Bg3+ Kh5 44. Re5+ Rxe5 45. Bxe5 Kg5 46. Bg3
Kf5 47. Kd3 Ke6 48. Kd4 Kd7 49. Kc5 Kc8 50. c4 Kb7 51. Kd6 Kb6 52. c5+ Kb7 53.
Kd7 1-0

[Event "East Detroit (MCO/4)"]
[Site "?"]
[Date "1983.??.??"]
[Round "?"]
[White "Frohman, T.."]
[Black "Cyrul, R.."]
[Result "1-0"]
[WhiteElo "1650"]
[BlackElo "1605"]
[PlyCount "59"]
[EventDate "1983.??.??"]

1. e4 e5 2. Nf3 Nc6 3. Bb5 a6 4. Ba4 Nf6 5. O-O d6 6. c3 Be7 7. Re1 O-O 8. h3
Bd7 9. d4 Qc8 10. dxe5 Nxe5 11. Nxe5 Bxa4 12. Qxa4 dxe5 13. Na3 b5 14. Qb3 Nd7
15. Be3 Qb7 16. c4 c6 17. Nc2 Rad8 18. Rac1 Nc5 19. Bxc5 Bxc5 20. Qc3 Qe7 21.
cxb5 cxb5 22. b4 Ba7 23. Ne3 Bd4 24. Qa3 Qa7 25. Re2 Rc8 26. Rec2 Rxc2 27. Rxc2
h6 28. Nd5 Re8 29. Qf3 a5 30. Rc7 1-0